Biblioteca

Panorama del Antiquo Testamento (Registro nro. 71052)

Detalles MARC
000 -LÍDER
Campo fijo de descripción fija 02052nam a2200373 i 4500
001 - NÚMERO DE CONTROL
Campo de control 768714001
003 - IDENTIFICADOR DEL NÚMERO DE CONTROL
Campo de control CO-MdFUSB
005 - FECHA Y HORA DE LA ULTIMA TRANSACCIÓN
control field 20260423161138.0
007 - CAMPO FIJO DE DESCRIPCIÓN FIJA--INFORMACIÓN GENERAL
Campo fijo de descripción fija ta
008 - ELEMENTOS DE LONGITUD FIJA -- INFORMACIÓN GENERAL
Campo fijo de descripción fija -- Información general 241008t1994 -usba||| |||| 001 0 spa d
020 ## - NÚMERO INTERNACIONAL NORMALIZADO PARA LIBROS
Número Internacional Normalizado del libro 978-0-8254-1060-4
040 ## - FUENTE DE CATALOGACIÓN
Idioma de catalogación spa.
Agencia de catalogación original CO-MdFUSB
Agencia que realiza la transcripción CO-MdFUSB
Agencia que realiza la modificación CO-MdFUSBC
Convenciones de la descripción rda
041 ## - CÓDIGO DE IDIOMA
Código de idioma para texto/pista de sonido o título separado spa
Código de idioma original eng
082 ## - NÚMERO DE CLASIFICACIÓN DECIMAL DEWEY
Número de la edición del Dewey 23
Número de clasificación 221.61
Clave de autor-Numero de item B479
100 ## - ASIENTO PRINCIPAL--NOMBRE PERSONAL
Nombre personal Benware, Paul N.
Fechas asociadas con el nombre 1942-
Término relacionador autor
240 ## - TITULO UNIFORME
Título uniforme <a href="Survey of the Old Testament. ">Survey of the Old Testament. </a>
245 ## - TÍTULO
Título del Material Panorama del Antiquo Testamento
Mención de responsabilidad, etc. / Paul N. Benware ; traducido por Santiago Escuain , R. Mercedes De la Rosa
264 #1 - PRODUCCIÓN, PUBLICACIÓN, DISTRIBUCIÓN, MANUFACTURA, Y COPYRIGHT
Lugar de producción, publicación, distribución, manufactura Grand Rapids, Michigan :
Nombre del productor, publicador, distribuidor Portavoz,
Fecha de producción, publicación, distribución, manufactura, o copyright [1994]
264 #4 - PRODUCCIÓN, PUBLICACIÓN, DISTRIBUCIÓN, MANUFACTURA, Y COPYRIGHT
Fecha de producción, publicación, distribución, manufactura, o copyright ©1994
300 ## - DESCRIPCIÓN FÍSICA
Extensión 280 páginas
Dimensiones ; 19 cm
Otros detalles físicos : ilustraciones, mapas a blanco y negro
336 ## - TIPO DE CONTENIDO
Fuente rdacontent
Término de tipo de contenido texto
Código de tipo de contenido txt
337 ## - TIPO DE MEDIO
Fuente rdamedia
Nombre del tipo de medio sin mediación
Código del tipo de medio n
338 ## - TIPO DE SOPORTE
Fuente rdacarrier
Nombre del tipo de soporte volumen
Código Tipo de soporte nc
490 ## - MENCIÓN DE SERIE
Mención de serie Comentario Bíblico Portavoz
505 ## - NOTA DE CONTENIDO
Información miscelánea Primera parte:
Título Introducción y visión general:
Nota de contenido con formato preestablecido Introducción al Antiguo Testamento. -- Una visión general del Antiguo Testamento.
Información miscelánea Segunda parte:
Título Los libros fundamentales:
Nota de contenido con formato preestablecido Génesis. -- Exodo y Levítico. -- Números y Deuteronomio. -- Josué. -- Jueces y Ruth. -- 1 y 2 Samuel. --<br/>1 y 2 Reyes. -- 1 y 2 Crónicas. -- Esdras y Ester. -- Nehemías.<br/>
Información miscelánea Tercera parte:
Título Los libros poéticos:
Nota de contenido con formato preestablecido La poesía hebrea. -- Job. -- Los Salmos. -- Proverbios. -- Eclesiastés. -- Cantar de los Cantares. -- Lamentaciones
Información miscelánea Cuarta parte:
Título Los libros proféticos.
Nota de contenido con formato preestablecido Grupo 1: Profecías durante el reino dividido. -- Grupo 2: Profecías durante el reino solitario. -- Grupo 3: Profecías durante el exilio. -- Grupo 4: Profecías después del exilio.
563 ## - NOTA DE ENCUADERNACIÓN
Nota de encuadernación Rústica
653 ## - TÉRMINO DE INDIZACIÓN - NO CONTROLADO
Término no controlado Biblia. Antiguo Testamento — Introducción
653 ## - TÉRMINO DE INDIZACIÓN - NO CONTROLADO
Término no controlado Antiguo Testamento — Historia y crítica
653 ## - TÉRMINO DE INDIZACIÓN - NO CONTROLADO
Término no controlado Biblia. Antiguo Testamento — Estudio y enseñanza
700 ## - ASIENTO SECUNDARIO - NOMBRE PERSONAL
Nombre personal Escuain, Santiago.
9 (RLIN) 2132
Responsabilidad traductor
700 ## - ASIENTO SECUNDARIO - NOMBRE PERSONAL
Nombre personal De la Rosa, R. Mercedes.‏
9 (RLIN) 6185
Responsabilidad traductor
942 ## - TIPO DE MATERIAL (KOHA)
Tipo de Item KOHA Libros General
945 ## - INFORMACIÓN LOCAL DEL REGISTRO
Catalogador Catherine Arias Alvarez
Existencias
Estado de Material Estado de Perdido Forma de Clasificación Volumen-Parte/Tomo Estado de Dañado No para Préstamo Colección Tomo Biblioteca de Origen Biblioteca Permanente Fecha de Adquisición Área Total de Préstamos Signatura Topográfica Código de Barras Última vez visto Ejemplar/Existencia Fecha de Remplazo Tipo de Material
    Dewey Decimal Classification       Colección General   Biblioteca FUSBC Biblioteca FUSBC 08/10/2024 BIBLIA   G 221.61 B479p 25123 08/10/2024 Ej. 1 08/10/2024 Libros General

Biblioteca FUSBC | Teléfono: (57+4) 349 88 10 Ext. 141| WhatsApp (+57) 3005338115 
E-mail: biblioteca@unisbc.edu.co | Calle 76 87-14 Robledo Palenque, Medellín, Colombia

Con tecnología Koha